| 000 | 01340nam a2200349 i 4500 | ||
|---|---|---|---|
| 001 | bg | ||
| 003 | BPK | ||
| 005 | 20210308095019.0 | ||
| 008 | 050707s1973 pl a f f |000 0 pol | ||
| 015 | _aPB 1974/338 | ||
| 040 |
_aWA N _cBPK |
||
| 041 | 1 |
_apol _hger |
|
| 080 | _a697 | ||
| 080 | _a(07) | ||
| 100 | 1 |
_aRietschel, Hermann _d(1847-1914) _eAutor |
|
| 245 | 1 | 0 |
_aOgrzewanie i klimatyzacja. _nT. 2, _pPodstawy i metody obliczeń / _cReitschel, Wilhelm Raiss ; rozdz. 15 pt. Regulacja urządzeń klimatyzacyjnych oprac. H. Protz. |
| 246 | 1 |
_iTyt. oryg.: _aHeiz- und Klimatechnik. _n2, _pVerfahren und Unterlagen zur Berechnung. |
|
| 250 |
_aWyd. 2 / _btł. Witold Kamler, Jacek Kamler ; koment. i uzup. W. Kamler. |
||
| 260 |
_aWarszawa : _b"Arkady", _c1973. |
||
| 300 |
_a815, [3] s., 15 s. tabl. : _bil., wykr. ; _c24 cm. |
||
| 650 | 4 | _aOgrzewanie | |
| 655 | 4 | _aPodręcznik | |
| 650 | 4 | _aKlimatyzacja | |
| 650 | 4 | _aWentylacja | |
| 700 | 1 |
_aProtz, H. _eOprac. |
|
| 700 | 1 | _aRaiss, Wilhelm. | |
| 710 | 2 |
_aWydawnictwo "Arkady". _4pbl. |
|
| 700 | 1 |
_aKamler, Witold _d(1906-1983) _eTłumaczenie |
|
| 700 | 1 |
_aKamler, Jacek Jan _eTłumaczenie |
|
| 856 |
_uhttp://koha.tu.koszalin.pl/cgi-bin/koha/opac-detail.pl?biblionumber=4788 _yKatalog online BPK |
||
| 942 |
_2UKD _cKS |
||
| 999 |
_c4788 _d4788 |
||